[Event "NCA-ch Fase 2"]
[Site "Managua"]
[Date "2022.01.23"]
[Round "3"]
[White "Cantero Turcios, Randy Jose"]
[Black "Rios Borgen, Edgard Jose"]
[Result "0-1"]
[WhiteElo "1340"]
[BlackElo "1776"]
[PlyCount "106"]
[EventDate "2022.01.22"]
[EventType "swiss"]
[EventRounds "9"]
[EventCountry "NCA"]
[SourceTitle "CBM 207 Extra"]
[Source "ChessBase"]
[SourceDate "2022.05.31"]
[SourceVersion "1"]
[SourceVersionDate "2022.05.31"]
[SourceQuality "1"]

1. e4 c5 2. Nc3 e6 3. g3 Nc6 4. Bg2 a6 5. Nge2 Nf6 6. 0-0 Be7 7. d3 0-0 8. b3 Qc7 9. Bb2 Rb8 10. f4 d6 11. f5 b5 12. Nf4 b4 13. Nce2 exf5 14. exf5 Ne5 15. d4 Neg4 16. Qd3 Nh6 17. dxc5 Qxc5+ 18. Bd4 Qxf5 19. Qd2 Qb5 20. Nh3 Nhg4 21. Nf2 Ne5 22. Nd3 Bb7 23. Rf5 Bxg2 24. Kxg2 Qb7+ 25. Kg1 Nf3+ 26. Rxf3 Qxf3 27. Rf1 Qh5 28. Nef4 Qb5 29. Nh3 Nd7 30. Qe2 Bf6 31. Rxf6 Nxf6 32. Bxf6 gxf6 33. Qg4+ Kh8 34. Qf4 Qb6+ 35. Kf1 d5 36. Nxb4 Qe6 37. Nd3 Qxh3+ 38. Kg1 Rb6 39. Qd4 Re6 40. c4 Rfe8 41. Qf2 dxc4 42. bxc4 Kg7 43. c5 Re2 44. c6 Rxf2 45. Kxf2 Qf5+ 46. Nf4 Qc2+ 47. Kf3 Qxc6+ 48. Kg4 Qd7+ 49. Kh4 Re4 50. h3 Qf5 51. a4 Rxf4+ 52. gxf4 Qxf4+ 53. Kh5 Qg5# 0-1